000 00296nam a2200133Ia 4500
100 _aBrahmankar/D.B
942 _cBK
654 _aEngineering
245 _aText book of Engineering mechanics-statics
260 _bNandu Pub
_c2003
082 _a620.1
_bBRA
300 _a397
546 _aENGLISH
999 _c21759
_d21759